LEADER 00734nam2 22002171i 450 001 990002333330403321 035 $a000233333 035 $aFED01000233333 035 $a(Aleph)000233333FED01 035 $a000233333 100 $a20030801d--------km-y0itay50------ba 200 1 $aObservations on the cytomorphosis of thegerminal and interstitial cells of the human testis. London, 1956, p. 86-96. 463 0$1001000221608 701 1$aFawcett,$bDon W.$062970 801 0$aIT$bUNINA$gRICA$2UNIMARC 901 $aBK 912 $a990002333330403321 959 $aFFABC 996 $aObservations on the cytomorphosis of thegerminal and interstitial cells of the human testis. London, 1956, p. 86-96$9391739 997 $aUNINA DB $aING01 LEADER 01041nam a2200301 i 4500 001 991001466119707536 005 20020507193957.0 008 960622s1978 ne ||| | eng 020 $a0444850430 035 $ab10851355-39ule_inst 035 $aLE01312674$9ExL 040 $aDip.to Matematica$beng 082 0 $a531.1133 084 $aAMS 73D 100 1 $aLevine, Harold$059058 245 10$aUnidirectional wave motions /$cH. Levine 260 $aAmsterdam :$bNorth-Holland,$c1978 300 $axii, 502 p. :$bill. ;$c23 cm. 490 0 $aNorth Holland series in probability and applied mathematics ;$v23 500 $aBibliography: p. [499]-500. 500 $aIncludes index 650 4$aWave-motion 907 $a.b10851355$b23-02-17$c28-06-02 912 $a991001466119707536 945 $aLE013 73D LEV11 (1978)$g1$i2013000051925$lle013$o-$pE0.00$q-$rl$s- $t0$u0$v0$w0$x0$y.i10962827$z28-06-02 996 $aUnidirectional wave motions$9918388 997 $aUNISALENTO 998 $ale013$b01-01-96$cm$da $e-$feng$gne $h0$i1